quiz sobre HINOS NACIONAIS - Statistics

Estatísticas Gerais
  • Esse quiz foi jogado 54 vezes
  • A pontuação média é 6 de 15
Estatísticas das Respostas
Questão Resposta % Correto
A canção africana "Nkosi Sikelel' iAfrika", é usada como inspiração para hino nacional por 3 diferentes países. Quais são? África do Sul, Tanzânia e Zâmbia
62%
Qual país que, em jogos de sua seleção de RUGBY, entoa DOIS Hinos Nacionais? Irlanda
62%
Como se chama o Hino Nacional da França? La Marseillaise
62%
Qual desses países é um dos 4 países que não possui uma letra oficial em seu Hino Nacional? (os outros são Bósnia, San Marino e Kosovo). Espanha
57%
Qual país tem letra de seu hino nacional mais antiga ainda uso? Japão
48%
O Antigo Hino Nacional Soviético foi extinto, e agora, com outra letra porém a mesma melodia, é o Hino Nacional de qual país? Rússia
43%
Quantas vezes aparece a palavra "Brasil" no Hino Nacional Brasileiro? 7 vezes
38%
Finlândia compartilha a mesma melodia de seu Hino Nacional com qual desses países? Estônia
33%
Qual desses países SOBERANOS e reconhecidos pela ONU compartilham o mesmo hino nacional? Grécia e Chipre
33%
Qual desses países também adota o "God Save the King" como "segundo" hino NACIONAL? Nova Zelândia
33%
Qual país que, em seu Hino Nacional, cita o "Sangue Alemão" e o "Rei de Espanha"? Países Baixos
29%
Qual desses países tem seu Hino Nacional inspirado em um Hino Cristão? Fiji
24%
E qual o mais curto? Japão
24%
o Hino da África do Sul é cantado em quantos idiomas? 5
19%
Qual país tem o Hino Nacional mais longo do mundo? Uruguai
19%
Nenhum quiz correspondente encontrado
Distribuição das Pontuações
Porcentagem de Pessoas com Cada Pontuação
Percentil de Números Respondidos
Sua Pontuação Histórica
Você não jogou esse quiz